Hidalgos y samurais: España y Japón en los siglos XVI y XVII
Guardat en:
| Autor principal: | |
|---|---|
| Format: | Llibre |
| Idioma: | espanyol |
| Publicat: |
Madrid
Alianza
1991
|
| Matèries: | |
| Etiquetes: |
Afegir etiqueta
Sense etiquetes, Sigues el primer a etiquetar aquest registre!
|
MARC
| LEADER | 00000nam a2200000 a 4500 | ||
|---|---|---|---|
| 001 | UCX5710 | ||
| 003 | CL-VaPUC | ||
| 008 | 930108e19910000SP |||||||||||||||||spa|d | ||
| 082 | 0 | 4 | |a 946.04 |b GIL |2 21 |
| 100 | |a Gil Fernández, Juan |e author |9 470399 | ||
| 245 | 1 | 0 | |a Hidalgos y samurais: España y Japón en los siglos XVI y XVII |
| 300 | |a 495 p | ||
| 942 | |c BK | ||
| 945 | |d 19930108 00:00:00 | ||
| 260 | |a Madrid |b Alianza |c 1991 | ||
| 650 | 0 | |a Samuráis (Bushi) |9 322073 | |
| 650 | 7 | |a RELACIONES COMERCIALES |2 CL-VaPUC |9 322074 | |
| 650 | 7 | |a HISTORIA SIGLO 16 |2 CL-VaPUC |9 266637 | |
| 650 | 0 | |a Historia |y Siglo 17 |9 255532 | |
| 650 | 0 | |a Caballeros y caballería |9 266046 | |
| 651 | 0 | |a España |9 254926 | |
| 651 | 0 | |a Japón |9 260391 | |
| 583 | |a last modification |c 20121219 10:02:10 |k Rodrigo Vera | ||
| 999 | |c 225906 |d 225904 | ||
| 952 | |0 0 |1 0 |4 0 |6 946_040000000000000_GIL_1991 |7 0 |8 A |9 223839 |a BIBHIS |b BIBHIS |d 2019-11-15 |i 2926504 |o 946.04 GIL 1991 |p 2926504 |r 2025-01-20 |w 2019-11-15 |y BK |k HIS | ||